Composición floristica en la Sonadora, Calarcá, Quindío (Registro nro. 7539)
[ vista simple ]
| 000 -CABECERA | |
|---|---|
| Campo de control | 00823nam a2200241 a 4500 |
| 005 - FECHA Y HORA DE LA ULTIMA TRANSACCION | |
| Campo de control | 20160210091737.0 |
| 008 - ELEMENTOS DE LONGITUD FIJA—INFORMACION GENERAL | |
| Campo de control | s2010 ck 000 spa d |
| 020 ## - ISBN | |
| ISBN | 9789588593180 |
| 040 ## - FUENTE DE CATALOGACIÓN | |
| Agencia catalogadora original | CO-BoIAVH |
| Agencia transcriptora | CO-BoIAVH |
| 041 0# - IDIOMA | |
| Código de idioma para texto/pista de sonido o título separado | Español |
| 044 ## - PAÍS DE PUBLICACIÓN | |
| País de publicación | Colombia |
| 082 04 - NUMERO DE CLASIFICACION DECIMAL DEWEY | |
| Número de clasificación | 581.9861 |
| Número del ítem | B22c |
| 100 1# - ASIENTO PRINCIPAL--NOMBRE PERSONAL | |
| Nombre personal | Baquero-Rojas, Julio César |
| 9 (RLIN) | 1443 |
| 245 10 - MENCION DE TITULO | |
| Título | Composición floristica en la Sonadora, Calarcá, Quindío |
| 260 ## - PUBLICACION, DISTRIBUCION, ETC. (PIE DE IMPRENTA) | |
| Lugar de publicación, distribución, etc. | Armenia |
| Nombre del editor, distribuidor, etc. | Universidad del Quindío |
| Fecha de publicación, distribución, etc. | 2010 |
| 300 ## - DESCRIPCION FISICA | |
| Extensión | 64 p. |
| Otros detalles físicos | il., tablas |
| Dimensiones | 24 cm. |
| 650 #6 - ASIENTO SECUNDARIO DE MATERIA - TERMINO TEMATICO | |
| Término temático o nombre geográfico como elemento de entrada | Plantas |
| Subdivisión geográfica | Caldas (Departamento, Colombia) |
| 9 (RLIN) | 58469 |
| 650 #6 - ASIENTO SECUNDARIO DE MATERIA - TERMINO TEMATICO | |
| Término temático o nombre geográfico como elemento de entrada | Flora |
| Subdivisión geográfica | Caldas (Departamento, Colombia) |
| 9 (RLIN) | 58470 |
| 650 #6 - ASIENTO SECUNDARIO DE MATERIA - TERMINO TEMATICO | |
| Término temático o nombre geográfico como elemento de entrada | Flora |
| Subdivisión general | Taxonomía |
| Subdivisión geográfica | Caldas (Departamento, Colombia) |
| 9 (RLIN) | 58471 |
| 700 1# - ASIENTO SECUNDARIO - NOMBRE PERSONAL | |
| Nombre personal | Duque-Orozco, Juan Manuel |
| 9 (RLIN) | 1445 |
| 700 1# - ASIENTO SECUNDARIO - NOMBRE PERSONAL | |
| Nombre personal | Gómez-Marín, Germán Darío |
| 9 (RLIN) | 1446 |
| 942 ## - ELEMENTOS ADICIONALES (KOHA) | |
| Sistema de clasificación | Dewey Decimal Classification |
| Tipo de ítem | Libro |
| Withdrawn status | Lost status | Sistema de Clasificación | Damaged status | No para préstamo | Colección | Inventariado | Ubicación Permanente | Ubicación actual | Fecha de adquisición | Fuente de Valor | Valor | Total Checkouts | Número topográfico | Inventario / Código de Barras | Date last seen | Ejemplar | Price effective from | Forma de adquisición | Tipo de material |
|---|---|---|---|---|---|---|---|---|---|---|---|---|---|---|---|---|---|---|---|
| Dewey Decimal Classification | General | Inventariado 2017 | Bogotá | Bogotá | 12/08/2013 | Instituto | 39000.00 | LB 581.9861 B22c | 058323 | 12/08/2013 | Ej. 1 | 12/08/2013 | Libro | ||||||
| Dewey Decimal Classification | General | Inventariado 2017 | Sala Fabio Quevedo | Sala Fabio Quevedo | 10/02/2016 | Instituto | 39000.00 | LB-581.9861 B22c | 039800 | 10/02/2016 | Ej. 2 | 10/02/2016 | Libro |